[Event "DEM U10 2005"]
[Site "Willingen GER"]
[Date "2005.05.15"]
[Round "2"]
[White "Schäfer, Daniela"]
[Black "Kaphle, Sebastian"]
[Result "0-1"]
[Termination "normal"]
[Board "1"]
[WhiteElo "1233"]
[BlackElo "1824"]
[PlyCount "114"]
[WhiteFideId "4624769"]
[BlackFideId "24626708"]
[EventCountry "GER"]
[EventRounds "11"]
[EventType "swiss"]
[EventDate "2005.05.15"]

1. e4 c5 2. Nf3 Nc6 3. d4 cxd4 4. Nxd4 g6 5. Nc3 Bg7 6. Be3 Nf6 7. Bc4 O-O 8.
O-O d6 9. Qd3 Ne5 10. Qe2 Nxc4 11. Qxc4 Nxe4 12. Nxe4 d5 13. Qd3 dxe4 14. Qxe4
e5 15. Nf3 f5 16. Qc4+ Kh8 17. Rad1 Qf6 18. Bg5 Qb6 19. Be7 Be6 20. Qc5 Qxc5
21. Bxc5 Rfc8 22. Bd6 e4 23. Ng5 Bg8 24. c3 Bxa2 25. Bg3 h6 26. Nh3 g5 27. f3
f4 28. Bf2 e3 29. Be1 e2 30. Bf2 exf1=Q+ 31. Kxf1 Bc4+ 32. Kg1 Rd8 33. Re1 Re8
34. Rd1 Rad8 35. Ra1 Rd2 36. g3 Be6 37. Re1 Bd7 38. Rxe8+ Bxe8 39. gxf4 Bd7 40.
fxg5 Bxh3 41. Bxa7 hxg5 42. Bb8 Rg2+ 43. Kh1 Rxb2 44. Kg1 Bxc3 45. Ba7 b6 46.
Bxb6 Rxb6 47. Kf2 Be5 48. Ke3 Kg7 49. Ke4 Kf6 50. Ke3 Kf5 51. Kf2 Kf4 52. Ke2
Bf1+ 53. Kd2 Rb2+ 54. Kc1 Ke3 55. f4 gxf4 56. h4 Bd3 57. h5 Rb1# 0-1

[Event "DEM U10 2005"]
[Site "Willingen GER"]
[Date "2005.05.15"]
[Round "2"]
[White "Zier, Oliver"]
[Black "Matschewsky, Justus"]
[Result "1-0"]
[Termination "normal"]
[Board "2"]
[WhiteElo "1563"]
[BlackElo "1235"]
[PlyCount "67"]
[WhiteFideId "24631906"]
[BlackFideId "24678708"]
[EventCountry "GER"]
[EventRounds "11"]
[EventType "swiss"]
[EventDate "2005.05.15"]

1. d4 c5 2. d5 e5 3. c4 d6 4. Nc3 Be7 5. Nf3 Nf6 6. Bg5 O-O 7. e4 Bg4 8. Be3
Qa5 9. Bd3 Re8 10. O-O Nbd7 11. h3 Bh5 12. Be2 Bg6 13. Qc2 Rab8 14. Nh4 Rf8 15.
Nxg6 fxg6 16. a3 a6 17. b4 cxb4 18. axb4 Qc7 19. Rfc1 Rbc8 20. Ra2 Rfd8 21. Na4
h6 22. c5 dxc5 23. bxc5 Nf8 24. d6 Bxd6 25. cxd6 Qxd6 26. Qb3+ Kh8 27. Rxc8
Rxc8 28. Qxb7 Rb8 29. Qxa6 Qb4 30. Rb2 Qe1+ 31. Bf1 Rxb2 32. Nxb2 Nxe4 33. Nd3
Qc3 34. Qa8 1-0

[Event "DEM U10 2005"]
[Site "Willingen GER"]
[Date "2005.05.15"]
[Round "2"]
[White "Grewenig, Jan"]
[Black "Babayev, Ramil"]
[Result "1/2-1/2"]
[Termination "normal"]
[Board "3"]
[WhiteElo "1214"]
[BlackElo "1533"]
[PlyCount "59"]
[WhiteFideId "4657330"]
[BlackFideId "24664243"]
[EventCountry "GER"]
[EventRounds "11"]
[EventType "swiss"]
[EventDate "2005.05.15"]

1. e4 c5 2. Nf3 e6 3. d4 cxd4 4. Nxd4 a6 5. Nc3 Qc7 6. Be2 Nf6 7. a3 Bd6 8. h3
O-O 9. O-O b5 10. Be3 Be7 11. Bf3 Bb7 12. Re1 Nc6 13. Qe2 Nxd4 14. Bxd4 e5 15.
Be3 d6 16. Rac1 Rfd8 17. Red1 Bc6 18. Nd5 Bxd5 19. exd5 Qb7 20. b4 Rac8 21. c3
Rc4 22. Qb2 Rb8 23. Be2 Rc7 24. Bd3 Rd7 25. Qb1 h6 26. Bf5 Rdd8 27. Rd3 Qc7 28.
Rcd1 a5 29. Bc1 a4 30. Rg3 1/2-1/2

[Event "DEM U10 2005"]
[Site "Willingen GER"]
[Date "2005.05.15"]
[Round "2"]
[White "Osmanodja, Filiz"]
[Black "Blübaum, Matthias"]
[Result "1-0"]
[Termination "normal"]
[Board "4"]
[WhiteElo "1518"]
[BlackElo "1209"]
[PlyCount "151"]
[WhiteFideId "24633569"]
[BlackFideId "24651516"]
[EventCountry "GER"]
[EventRounds "11"]
[EventType "swiss"]
[EventDate "2005.05.15"]

1. e4 e6 2. d4 d5 3. e5 c5 4. c3 Nc6 5. Nf3 Qb6 6. a3 c4 7. Be2 Na5 8. Nbd2 Bd7
9. O-O Ne7 10. Re1 Qc7 11. Rb1 Nc8 12. Nf1 Nb6 13. Qd2 Be7 14. Bd1 O-O-O 15.
Qe2 h6 16. Ng3 g6 17. Bd2 Ba4 18. Bxa4 Nxa4 19. Qd1 Nb6 20. Be3 h5 21. Ng5 Bxg5
22. Bxg5 Rde8 23. Ne2 Rhf8 24. Bf6 Qc6 25. Nc1 Qa4 26. Qxa4 Nxa4 27. Re3 Nb6
28. Rf3 Nd7 29. Bg7 Rg8 30. Rxf7 Kd8 31. Bf6+ Nxf6 32. Rxf6 Ke7 33. Rf3 Ref8
34. Rxf8 Rxf8 35. Ne2 Nb3 36. Re1 a6 37. Ng3 h4 38. Nf1 b5 39. Re3 Rf7 40. Re1
Na5 41. Nd2 Nc6 42. Nf3 h3 43. Ng5 Rf5 44. Nxh3 Nd8 45. Re3 Rf7 46. Rg3 Rg7 47.
Nf4 g5 48. Nh5 Rg6 49. f4 Rh6 50. Rxg5 Nf7 51. Nf6 Nxg5 52. Ng8+ Kf8 53. Nxh6
Ne4 54. g4 Kg7 55. g5 Nd2 56. Kg2 Nb3 57. h4 Nc1 58. h5 Nd3 59. f5 Kf8 60. Kg3
exf5 61. Nxf5 Nxb2 62. Ne3 Na4 63. Nxd5 Nb2 64. e6 Nd1 65. e7+ Ke8 66. h6 Nxc3
67. Nxc3 Kxe7 68. h7 b4 69. axb4 Kf7 70. h8=Q Kg6 71. Kg4 Kf7 72. Qf6+ Kg8 73.
Qe7 Kh8 74. Kh5 Kg8 75. Kh6 Kh8 76. Qg7# 1-0

[Event "DEM U10 2005"]
[Site "Willingen GER"]
[Date "2005.05.15"]
[Round "2"]
[White "Marquardt, Patrick"]
[Black "Barzen, Pascal"]
[Result "1/2-1/2"]
[Termination "normal"]
[Board "5"]
[WhiteElo "1459"]
[BlackElo "1204"]
[PlyCount "51"]
[WhiteFideId "4670086"]
[BlackFideId "24653497"]
[EventCountry "GER"]
[EventRounds "11"]
[EventType "swiss"]
[EventDate "2005.05.15"]

1. e4 c6 2. d4 d5 3. e5 Bf5 4. h4 h6 5. Nf3 e6 6. Bd3 Bxd3 7. Qxd3 Bb4+ 8. Bd2
Bxd2+ 9. Nbxd2 Ne7 10. O-O Nf5 11. g3 O-O 12. Rfe1 Nd7 13. c4 b6 14. Rac1 Rc8
15. Rc3 a5 16. Rec1 Ne7 17. a3 Re8 18. cxd5 cxd5 19. Rxc8 Nxc8 20. Qb5 Na7 21.
Qd3 Qb8 22. Rc3 Rc8 23. Qc2 Rxc3 24. bxc3 Qc7 25. Qb3 Qc6 26. c4 1/2-1/2

[Event "DEM U10 2005"]
[Site "Willingen GER"]
[Date "2005.05.15"]
[Round "2"]
[White "Rührmund, Daniel"]
[Black "Pfeiffer, Daniel"]
[Result "0-1"]
[Termination "normal"]
[Board "6"]
[WhiteElo "1201"]
[BlackElo "1428"]
[PlyCount "96"]
[WhiteFideId "24674583"]
[BlackFideId "24641960"]
[EventCountry "GER"]
[EventRounds "11"]
[EventType "swiss"]
[EventDate "2005.05.15"]

1. e4 c5 2. Nf3 d6 3. d4 cxd4 4. Nxd4 Nf6 5. Nc3 a6 6. Bg5 e6 7. Qd2 Be7 8. Be2
b5 9. a3 Bb7 10. Bxf6 Bxf6 11. f4 Nd7 12. Nb3 Nb6 13. Qe3 Nc4 14. Bxc4 bxc4 15.
Nd2 Qc7 16. O-O-O O-O 17. g4 g6 18. g5 Bg7 19. h4 d5 20. e5 d4 21. Qxd4 Bxh1
22. Rxh1 Rfc8 23. h5 Rab8 24. Nde4 Qb7 25. Nd1 c3 26. b3 Rd8 27. Qe3 Qe7 28.
Nd6 Rxd6 29. exd6 Qxd6 30. b4 Qc6 31. Qc5 Qxh1 32. Qd6 Qb7 33. h6 Bf8 34. Qd4
a5 35. Nxc3 axb4 36. Ne4 Bxh6 37. Nf6+ Kf8 38. Qc5+ Kg7 39. Qe5 Qh1+ 40. Kb2
bxa3+ 41. Kc3 Qa1+ 42. Kd3 Qxe5 43. fxe5 a2 44. c4 a1=Q 45. c5 Qxe5 46. Nd7
Qd5+ 47. Ke2 Rb2+ 48. Ke3 Bxg5# 0-1

[Event "DEM U10 2005"]
[Site "Willingen GER"]
[Date "2005.05.15"]
[Round "2"]
[White "Schmitt, Katrin"]
[Black "Schreiner, Till"]
[Result "1-0"]
[Termination "normal"]
[Board "7"]
[WhiteElo "1398"]
[BlackElo "1204"]
[PlyCount "69"]
[WhiteFideId "24654400"]
[BlackFideId "24675555"]
[EventCountry "GER"]
[EventRounds "11"]
[EventType "swiss"]
[EventDate "2005.05.15"]

1. e4 c5 2. b3 a6 3. Bb2 b5 4. Nf3 Bb7 5. d3 d6 6. Be2 Nf6 7. O-O Nbd7 8. Nbd2
e6 9. e5 dxe5 10. Nxe5 Be7 11. Bf3 Bxf3 12. Ndxf3 O-O 13. c4 Nxe5 14. Nxe5 Qc7
15. Qe2 Rfd8 16. Rad1 Nd7 17. Rfe1 Bf6 18. Nxd7 Bxb2 19. Qxb2 Rxd7 20. Re3 Rb8
21. Rg3 Rd4 22. Qc2 bxc4 23. dxc4 Qe5 24. Rgd3 Rbd8 25. h3 g6 26. Rxd4 cxd4 27.
Qd3 Qa5 28. Qc2 Kg7 29. Qb2 Qc3 30. Qxc3 dxc3 31. Rc1 Rd2 32. Rxc3 Rxa2 33. c5
Ra5 34. c6 Rb5 35. c7 1-0

[Event "DEM U10 2005"]
[Site "Willingen GER"]
[Date "2005.05.15"]
[Round "2"]
[White "Pältz, Sebastian"]
[Black "Tran, Duc Cuong"]
[Result "1-0"]
[Termination "normal"]
[Board "8"]
[WhiteElo "1196"]
[BlackElo "1395"]
[PlyCount "59"]
[WhiteFideId "24648027"]
[BlackFideId "24689718"]
[EventCountry "GER"]
[EventRounds "11"]
[EventType "swiss"]
[EventDate "2005.05.15"]

1. e4 c5 2. c3 d5 3. exd5 Qxd5 4. d4 e5 5. dxe5 Qxd1+ 6. Kxd1 Nc6 7. Bf4 g6 8.
Bb5 Bd7 9. Nf3 Nge7 10. Na3 a6 11. Bxc6 Bxc6 12. Nc4 Nd5 13. Bg3 Rd8 14. Kc2 f6
15. exf6 Nxf6 16. Rhe1+ Be4+ 17. Kb3 b5 18. Ng5 Be7 19. Nxe4 bxc4+ 20. Kxc4 Nd5
21. Nd6+ Kf8 22. Kxd5 h5 23. Rxe7 Kxe7 24. Bh4+ Kd7 25. Bxd8 Rxd8 26. Kxc5 Ke7
27. Re1+ Kf6 28. Re8 Rd7 29. Kc6 Ra7 30. Nb7 1-0

[Event "DEM U10 2005"]
[Site "Willingen GER"]
[Date "2005.05.15"]
[Round "2"]
[White "Rozenfeld, Elisabeth"]
[Black "Winterholler, Christina"]
[Result "1-0"]
[Termination "normal"]
[Board "9"]
[WhiteElo "1383"]
[BlackElo "1200"]
[PlyCount "65"]
[WhiteFideId "4624742"]
[BlackFideId "24652105"]
[EventCountry "GER"]
[EventRounds "11"]
[EventType "swiss"]
[EventDate "2005.05.15"]

1. e4 e5 2. Nf3 Nc6 3. d4 exd4 4. Nxd4 Bc5 5. Be3 Qf6 6. Nxc6 Bxe3 7. fxe3 dxc6
8. Nc3 Ne7 9. Bc4 O-O 10. Qe2 Be6 11. Rf1 Qe5 12. g4 Rad8 13. Bxe6 Qxe6 14. h4
Rd6 15. Rd1 Rxd1+ 16. Kxd1 Rd8+ 17. Kc1 b5 18. g5 a5 19. h5 b4 20. Nb1 Qxa2 21.
b3 Ra8 22. Qc4 Rf8 23. Rf2 Qa1 24. Qc5 Re8 25. h6 g6 26. c3 bxc3 27. Qe5 f6 28.
Qxf6 Nf5 29. exf5 Re7 30. Qxe7 Qb2+ 31. Rxb2 cxb2+ 32. Kxb2 c5 33. Qg7# 1-0

[Event "DEM U10 2005"]
[Site "Willingen GER"]
[Date "2005.05.15"]
[Round "2"]
[White "Weber, Clemens"]
[Black "Xu, Xianliang"]
[Result "0-1"]
[Termination "normal"]
[Board "10"]
[WhiteElo "1165"]
[BlackElo "1370"]
[PlyCount "54"]
[WhiteFideId "12927813"]
[BlackFideId "4603230"]
[EventCountry "GER"]
[EventRounds "11"]
[EventType "swiss"]
[EventDate "2005.05.15"]

1. e4 c5 2. Nf3 d6 3. d4 cxd4 4. Nxd4 Nf6 5. Nc3 g6 6. Be2 Bg7 7. Be3 O-O 8.
O-O Nc6 9. Nb3 Bd7 10. f4 Qc8 11. Bf3 Ng4 12. Qe2 Nxe3 13. Qxe3 a5 14. a4 Be6
15. Nd5 Qd8 16. Rab1 Re8 17. Rfd1 Rb8 18. c3 b5 19. axb5 Rxb5 20. Nd4 Nxd4 21.
cxd4 Bxd5 22. exd5 Qb6 23. Qd2 Rb4 24. Kh1 Rxd4 25. Qf2 Rxd1+ 26. Bxd1 Qxf2 27.
g3 Qf1# 0-1

[Event "DEM U10 2005"]
[Site "Willingen GER"]
[Date "2005.05.15"]
[Round "2"]
[White "Neumair, Jerome"]
[Black "Gisy, Roberto"]
[Result "0-1"]
[Termination "normal"]
[Board "11"]
[WhiteElo "1162"]
[BlackElo "1366"]
[PlyCount "104"]
[WhiteFideId "24672637"]
[EventCountry "GER"]
[EventRounds "11"]
[EventType "swiss"]
[EventDate "2005.05.15"]

1. e4 e5 2. Nf3 Nc6 3. Nc3 Nf6 4. Bb5 Bb4 5. d3 Nd4 6. Nxd4 exd4 7. a3 Bxc3+ 8.
bxc3 dxc3 9. Bg5 O-O 10. Qf3 c6 11. Ba4 Re8 12. Bxf6 Qxf6 13. Qxf6 gxf6 14. O-O
d6 15. f4 f5 16. Rae1 fxe4 17. Rxe4 Bf5 18. Rc4 b5 19. Bxb5 cxb5 20. Rxc3 Rac8
21. Rxc8 Rxc8 22. Rf2 Rc3 23. g4 Be6 24. f5 Bd5 25. f6 Rxa3 26. Rf5 Bc6 27.
Rg5+ Kf8 28. Rg7 Ra1+ 29. Kf2 Ra2 30. Rxh7 Rxc2+ 31. Ke3 Ke8 32. Rh8+ Kd7 33.
Rh7 Ke6 34. h4 a5 35. h5 a4 36. h6 a3 37. Rxf7 Kxf7 38. h7 Rh2 39. g5 Rxh7 40.
Kf4 a2 41. Kf5 Bd7+ 42. Ke4 a1=Q 43. Kd5 Qa2+ 44. Kxd6 Qe6+ 45. Kc5 Qc6+ 46.
Kd4 Rh4+ 47. Ke3 Qc5+ 48. Ke2 Rh3 49. Kd2 b4 50. g6+ Kxg6 51. f7 Qf2+ 52. Kd1
Rh1# 0-1

[Event "DEM U10 2005"]
[Site "Willingen GER"]
[Date "2005.05.15"]
[Round "2"]
[White "Nitsche-Hahn, Maxim"]
[Black "Gitter, Lucas"]
[Result "0-1"]
[Termination "normal"]
[Board "12"]
[WhiteElo "1356"]
[BlackElo "1187"]
[PlyCount "166"]
[WhiteFideId "4613090"]
[BlackFideId "24667587"]
[EventCountry "GER"]
[EventRounds "11"]
[EventType "swiss"]
[EventDate "2005.05.15"]

1. d4 d5 2. c4 e6 3. Nf3 c5 4. e3 Nc6 5. Nc3 Nf6 6. Be2 Be7 7. Bd2 O-O 8. O-O
Qc7 9. h3 b6 10. Qc2 Bb7 11. cxd5 exd5 12. Ng5 Rad8 13. Nb5 Qb8 14. Bc3 h6 15.
Nf3 a6 16. Na3 Qc7 17. dxc5 bxc5 18. Rad1 Qb6 19. b3 Rfe8 20. Ne5 Nxe5 21. Bxe5
Qb4 22. Qb2 Qh4 23. Bg3 Qg5 24. Bc7 Rd7 25. Bf4 Qf5 26. Be5 Red8 27. Nb1 Qe6
28. Nd2 Ne8 29. Bg4 f5 30. Bh5 Nf6 31. Be2 Ra8 32. Nf3 Kh8 33. Rd2 Bc6 34. Rc1
Bb5 35. Bd1 Rc8 36. Qb1 Bd6 37. Bxf6 Qxf6 38. Kh1 Be7 39. Bc2 Rf8 40. Rcd1 Bc6
41. b4 cxb4 42. Nd4 Rc7 43. Nxf5 Bd8 44. Qxb4 Rcf7 45. Nd4 Be7 46. Qb6 Bd7 47.
Qxf6 Rxf6 48. Bb3 Rxf2 49. Rxf2 Rxf2 50. Bxd5 Bg5 51. e4 Ba4 52. Bb3 Bxb3 53.
Nxb3 Rxa2 54. Re1 Kg8 55. e5 a5 56. e6 Kf8 57. Nd4 Rd2 58. Nc6 a4 59. Rf1+ Ke8
60. Ra1 Bf4 61. Kg1 Bg3 62. Kf1 Rf2+ 63. Kg1 Rd2 64. Rf1 Rd6 65. Rb1 Rxc6 66.
Kf1 Rxe6 67. Ra1 Re1+ 68. Rxe1+ Bxe1 69. Kxe1 a3 70. Kd2 a2 71. Kd3 a1=Q 72.
Ke4 Qf1 73. Kd4 Qe2 74. Kd5 Qe3 75. Kd6 Qe4 76. Kc5 Qd3 77. Kc6 Qd4 78. g4 Ke7
79. h4 Qd6+ 80. Kb5 Qc7 81. g5 Kd6 82. Kb4 Qc2 83. Kb5 Qb3+ 0-1

[Event "DEM U10 2005"]
[Site "Willingen GER"]
[Date "2005.05.15"]
[Round "2"]
[White "Möhn, Hans"]
[Black "Große, Christian"]
[Result "0-1"]
[Termination "time forfeit"]
[Board "13"]
[WhiteElo "1161"]
[BlackElo "1347"]
[PlyCount "74"]
[WhiteFideId "24647837"]
[BlackFideId "24646156"]
[EventCountry "GER"]
[EventRounds "11"]
[EventType "swiss"]
[EventDate "2005.05.15"]

1. e4 c5 2. Nf3 d6 3. d4 cxd4 4. Nxd4 Nf6 5. Nc3 g6 6. Be3 Bg7 7. f3 O-O 8. Qd2
Nc6 9. O-O-O Nxd4 10. Bxd4 Be6 11. Kb1 Qc7 12. g4 Rfc8 13. h4 Qa5 14. h5 Rc6
15. a3 Rac8 16. h6 Bh8 17. Ne2 Qa4 18. Nc3 Rxc3 19. Bxc3 Nxe4 20. fxe4 Rxc3 21.
Qxc3 Bxc3 22. bxc3 Qxe4 23. Bd3 Qxg4 24. Rhg1 Qa4 25. Kb2 f5 26. Rdf1 Kf7 27.
Rf2 Qa5 28. Rgf1 Qb6+ 29. Kc1 a6 30. Rf4 a5 31. c4 Kf6 32. Rh1 Qe3+ 33. Kb2
Qxf4 34. Kb3 b5 35. Rf1 bxc4+ 36. Ka4 Bd7+ 37. Kxa5 Qd2+ 0-1

[Event "DEM U10 2005"]
[Site "Willingen GER"]
[Date "2005.05.15"]
[Round "2"]
[White "Klek, Hanna-Marie"]
[Black "Kuhn, Jan"]
[Result "1-0"]
[Termination "normal"]
[Board "14"]
[WhiteElo "1340"]
[BlackElo "1164"]
[PlyCount "156"]
[WhiteFideId "24670057"]
[EventCountry "GER"]
[EventRounds "11"]
[EventType "swiss"]
[EventDate "2005.05.15"]

1. e4 e6 2. d4 d5 3. exd5 exd5 4. Nf3 Bd6 5. Nc3 Nf6 6. Bd3 O-O 7. O-O c6 8.
Bg5 Bg4 9. h3 Bh5 10. Re1 Nbd7 11. Re3 Qc7 12. Qd2 h6 13. Bh4 Bf4 14. Rae1 Bxe3
15. Rxe3 Rfe8 16. Bg3 Qb6 17. Na4 Qd8 18. Ne5 Nxe5 19. Bxe5 Nd7 20. Bf4 Rxe3
21. Qxe3 Qf8 22. Qg3 g6 23. Bf5 Nb6 24. Nc5 Kh7 25. Bd3 Qe7 26. Bd6 Qg5 27.
Qxg5 hxg5 28. g4 Bxg4 29. hxg4 Re8 30. b3 Re1+ 31. Kg2 Nc8 32. Be5 b6 33. Nd7
Ne7 34. Bf6 Kg8 35. Bxg5 Nc8 36. Be3 Kg7 37. g5 Ne7 38. Ne5 a5 39. Nf3 Ra1 40.
a4 Nc8 41. Bf4 Kf8 42. Ne5 Re1 43. Nxc6 Re6 44. Ne5 Ke7 45. Bb5 Na7 46. Bd3 Nc6
47. Nxc6+ Rxc6 48. Be5 Rc8 49. Kg3 Rc6 50. Kg4 Rc8 51. f4 Rg8 52. Bc7 Kd7 53.
Bxb6 Ra8 54. f5 gxf5+ 55. Bxf5+ Kc6 56. Bc5 Re8 57. Bd3 Kc7 58. Kf5 Re3 59. Kf4
Re1 60. Bf8 Kd8 61. Bg7 Ke8 62. Kf3 Rg1 63. Bf6 Rh1 64. Ke2 Rh2+ 65. Kd1 Rh1+
66. Kd2 Rh2+ 67. Kc3 Rh3 68. Kb2 Rg3 69. Bb5+ Kf8 70. Bc6 Re3 71. Bxd5 Ke8 72.
Bc4 Re1 73. Kc3 Re3+ 74. Bd3 Re6 75. d5 Rd6 76. Kd4 Kf8 77. c4 Ke8 78. c5 Rd7
1-0

[Event "DEM U10 2005"]
[Site "Willingen GER"]
[Date "2005.05.15"]
[Round "2"]
[White "Grzeca, Pascal"]
[Black "Grünwald, Sven"]
[Result "0-1"]
[Termination "normal"]
[Board "15"]
[WhiteElo "1142"]
[BlackElo "1323"]
[PlyCount "78"]
[WhiteFideId "24600741"]
[BlackFideId "24629642"]
[EventCountry "GER"]
[EventRounds "11"]
[EventType "swiss"]
[EventDate "2005.05.15"]

1. e4 c6 2. d4 d5 3. e5 Bf5 4. Nf3 e6 5. Bd3 Ne7 6. O-O Qb6 7. Nc3 Bg4 8. Be2
Nf5 9. Na4 Qb4 10. c3 Qa5 11. Bd2 Be7 12. h3 Bxf3 13. Bxf3 Nh4 14. Be2 Nd7 15.
c4 Qd8 16. b3 Bg5 17. f4 Be7 18. Nb2 Nf5 19. Bc3 Ne3 20. Qd2 Nxf1 21. Rxf1 O-O
22. Bd3 f6 23. Rf3 fxe5 24. dxe5 Nc5 25. Bb1 Qb6 26. Qd4 Nd7 27. Qxb6 Nxb6 28.
Bd3 Rad8 29. Be1 Ba3 30. Bc3 d4 31. Be1 Bxb2 32. g4 Bc3 33. Bh4 Rd7 34. a4 Rdf7
35. Bg3 g6 36. h4 Bd2 37. h5 Bxf4 38. hxg6 hxg6 39. Bxg6 Be3+ 0-1

[Event "DEM U10 2005"]
[Site "Willingen GER"]
[Date "2005.05.15"]
[Round "2"]
[White "Lebeda, Timo"]
[Black "Sommer, Celin"]
[Result "1-0"]
[Termination "normal"]
[Board "16"]
[WhiteElo "1315"]
[BlackElo "1162"]
[PlyCount "65"]
[WhiteFideId "4638565"]
[EventCountry "GER"]
[EventRounds "11"]
[EventType "swiss"]
[EventDate "2005.05.15"]

1. e4 e5 2. Nf3 Nc6 3. Bc4 Bc5 4. b4 Bxb4 5. c3 Bc5 6. d4 Bd6 7. O-O Qf6 8. Bg5
Qg6 9. Nbd2 exd4 10. cxd4 Nf6 11. e5 Bxe5 12. dxe5 Nxe5 13. Nxe5 Qxg5 14. Nxf7
Qg6 15. Nxh8 Qh5 16. Bf7+ Qxf7 17. Nxf7 Kxf7 18. Qb3+ d5 19. Rac1 c6 20. Rfe1
Bd7 21. Qxb7 Re8 22. Rxe8 Nxe8 23. Qxd7+ Kf8 24. Re1 Nf6 25. Qc8+ Kf7 26. Qf5
g6 27. Qe6+ Kg7 28. Qe7+ Kh6 29. Qxf6 c5 30. Qh4+ Kg7 31. Re7+ Kf8 32. Qf6+ Kg8
33. Re8# 1-0

[Event "DEM U10 2005"]
[Site "Willingen GER"]
[Date "2005.05.15"]
[Round "2"]
[White "Haryanto, Selina"]
[Black "Stahnecker, Ludwig"]
[Result "1/2-1/2"]
[Termination "normal"]
[Board "17"]
[WhiteElo "913"]
[BlackElo "1307"]
[PlyCount "70"]
[BlackFideId "24692026"]
[EventCountry "GER"]
[EventRounds "11"]
[EventType "swiss"]
[EventDate "2005.05.15"]

1. e4 c5 2. Nf3 e6 3. Nc3 Nc6 4. Bc4 a6 5. d3 b5 6. Bb3 Bb7 7. O-O Nge7 8. Bf4
d5 9. exd5 Nxd5 10. Nxd5 exd5 11. Re1+ Be7 12. c3 O-O 13. d4 c4 14. Bc2 Bd6 15.
Bxd6 Qxd6 16. b3 Rac8 17. Bb1 Ne7 18. Qc2 Ng6 19. h3 Qc7 20. Ne5 cxb3 21. axb3
Qxc3 22. Qxc3 Rxc3 23. Bxg6 fxg6 24. b4 Rb3 25. Nd7 Rf4 26. Nc5 Rxb4 27. Nxb7
Rbxd4 28. Rxa6 Rd2 29. Re7 Rdxf2 30. Ra8+ Rf8 31. Rxf8+ Rxf8 32. Re5 Rf5 33.
Rxf5 gxf5 34. Kf2 Kf8 35. Ke3 Ke7 1/2-1/2

[Event "DEM U10 2005"]
[Site "Willingen GER"]
[Date "2005.05.15"]
[Round "2"]
[White "Kyas, Philipp"]
[Black "Strohmann, Marcel"]
[Result "1/2-1/2"]
[Termination "normal"]
[Board "18"]
[WhiteElo "1273"]
[BlackElo "1140"]
[PlyCount "81"]
[WhiteFideId "24670936"]
[EventCountry "GER"]
[EventRounds "11"]
[EventType "swiss"]
[EventDate "2005.05.15"]

1. d4 Nf6 2. Nf3 g6 3. Bf4 Bg7 4. e3 d6 5. h3 Bf5 6. Bd3 Bxd3 7. cxd3 Nbd7 8.
O-O O-O 9. Re1 c5 10. dxc5 dxc5 11. Nc3 Qb6 12. Qc2 Rac8 13. Nd2 e6 14. Nc4 Qa6
15. Qb3 Rc6 16. Rad1 Nd5 17. Bh2 Nxc3 18. bxc3 b5 19. Na3 b4 20. cxb4 cxb4 21.
Nc4 Bc3 22. Re2 Nc5 23. Qb1 Nxd3 24. Qxd3 Qxc4 25. Qxc4 Rxc4 26. Rd7 Ba1 27.
Bd6 Ra8 28. Rb7 a5 29. Re1 Bc3 30. Rc1 Rd8 31. Rb8 Rxb8 32. Bxb8 a4 33. Be5 Kf8
34. Bd6+ Ke8 35. Bxb4 Rxb4 36. Rxc3 Kd7 37. Kh2 Rb2 38. Ra3 Rxf2 39. Rxa4 Kd6
40. Rf4 Rxa2 41. Rxf7 1/2-1/2

[Event "DEM U10 2005"]
[Site "Willingen GER"]
[Date "2005.05.15"]
[Round "2"]
[White "Spilke, Paul"]
[Black "Göbel, Constantin"]
[Result "0-1"]
[Termination "normal"]
[Board "19"]
[WhiteElo "893"]
[BlackElo "1261"]
[PlyCount "128"]
[BlackFideId "24647071"]
[EventCountry "GER"]
[EventRounds "11"]
[EventType "swiss"]
[EventDate "2005.05.15"]

1. e4 e6 2. d4 d5 3. e5 c5 4. c3 Nc6 5. Nf3 Qb6 6. Bd3 Bd7 7. Bc2 Rc8 8. O-O
cxd4 9. cxd4 Nb4 10. Nc3 Bb5 11. Ba4 Bxa4 12. Qxa4+ Nc6 13. Qd1 Bb4 14. a3 Bxc3
15. bxc3 Nge7 16. Bg5 h6 17. Bxe7 Nxe7 18. Qc2 Nf5 19. Qd3 Qa5 20. Rfc1 O-O 21.
h3 Rc7 22. g4 Ne7 23. g5 h5 24. Rc2 g6 25. h4 Rfc8 26. Rac1 Qxa3 27. Ne1 Qb3
28. f4 Qc4 29. Qxc4 Rxc4 30. Nd3 Nf5 31. Ne1 Nxh4 32. Kh2 Nf5 33. Rb1 b6 34.
Rbc1 Ne3 35. Re2 Rxc3 36. Rxc3 Rxc3 37. Ra2 Rc7 38. Ra3 Nc2 39. Nxc2 Rxc2+ 40.
Kg3 Rc7 41. Kf2 Rb7 42. Ke1 b5 43. Kd1 b4 44. Rb3 a5 45. Kc2 a4 46. Rb1 a3 47.
Kb3 Kf8 48. Ka2 Ke7 49. Ka1 b3 50. Re1 b2+ 51. Ka2 b1=Q+ 52. Rxb1 Rxb1 53. Kxb1
h4 54. Ka2 h3 55. Kxa3 h2 56. Kb4 h1=Q 57. Kc5 Qc1+ 58. Kb5 Kd7 59. Kb6 Qc6+
60. Ka5 Qb7 61. Ka4 Kc6 62. Ka3 Qb1 63. Ka4 Qb2 64. Ka5 Qb5# 0-1

[Event "DEM U10 2005"]
[Site "Willingen GER"]
[Date "2005.05.15"]
[Round "2"]
[White "Davydov, Ruven"]
[Black "Scholz, Andre"]
[Result "1-0"]
[Termination "normal"]
[Board "20"]
[WhiteElo "1250"]
[BlackElo "900"]
[PlyCount "39"]
[WhiteFideId "24666068"]
[EventCountry "GER"]
[EventRounds "11"]
[EventType "swiss"]
[EventDate "2005.05.15"]

1. d4 Nf6 2. c4 d5 3. Nc3 Bf5 4. e3 Be4 5. Nf3 Nc6 6. cxd5 Nb4 7. Qa4+ Qd7 8.
Qxb4 e6 9. dxe6 fxe6 10. Qb3 Ng4 11. Nxe4 O-O-O 12. Bc4 Re8 13. h3 Nf6 14. Ne5
Qe7 15. Ng5 b6 16. Ba6+ Kd8 17. Nc6+ Kd7 18. Nxe7 Bxe7 19. Qxe6+ Kd8 20. Qc8#
1-0

[Event "DEM U10 2005"]
[Site "Willingen GER"]
[Date "2005.05.15"]
[Round "2"]
[White "Gheng, Michael Dan"]
[Black "Meir, Lenz"]
[Result "1-0"]
[Termination "normal"]
[Board "23"]
[WhiteElo "1368"]
[BlackElo "993"]
[PlyCount "47"]
[EventCountry "GER"]
[EventRounds "11"]
[EventType "swiss"]
[EventDate "2005.05.15"]

1. e4 c5 2. Nf3 d6 3. d4 cxd4 4. Nxd4 Nf6 5. Nc3 g6 6. Bc4 Bg7 7. O-O e5 8.
Ndb5 O-O 9. Nxd6 Qb6 10. Nxc8 Rxc8 11. Nd5 Nxd5 12. Bxd5 Rd8 13. Qf3 Qf6 14.
Qxf6 Bxf6 15. Bxb7 Nd7 16. Bxa8 Rxa8 17. Rd1 Nc5 18. f3 Rd8 19. Be3 Rc8 20. b3
a6 21. Rd6 Be7 22. Bxc5 Bxd6 23. Bxd6 Rxc2 24. Bxe5 1-0

[Event "DEM U10 2005"]
[Site "Willingen GER"]
[Date "2005.05.15"]
[Round "2"]
[White "Pauly, Carlo"]
[Black "Sarchisov, Slavik"]
[Result "1/2-1/2"]
[Termination "normal"]
[Board "24"]
[WhiteElo "1111"]
[BlackElo "1337"]
[PlyCount "59"]
[WhiteFideId "24673269"]
[BlackFideId "24647888"]
[EventCountry "GER"]
[EventRounds "11"]
[EventType "swiss"]
[EventDate "2005.05.15"]

1. e4 e6 2. d4 d5 3. Nd2 c5 4. Ngf3 Nf6 5. e5 Nfd7 6. c3 Qb6 7. Nb3 Nc6 8. Be3
c4 9. Bxc4 dxc4 10. d5 Nc5 11. Nxc5 Bxc5 12. Bxc5 Qxc5 13. dxc6 Qxc6 14. Qc2 b6
15. O-O-O Bb7 16. Rd6 Qc5 17. Rhd1 Bxf3 18. gxf3 Qxe5 19. Qd2 O-O 20. Rd4 Qxh2
21. Rg4 Rac8 22. Rxg7+ Kh8 23. Qg5 f6 24. Rg8+ Rxg8 25. Qxf6+ Rg7 26. Rd8+ Rxd8
27. Qxd8+ Rg8 28. Qf6+ Rg7 29. Qd8+ Rg8 30. Qf6+ 1/2-1/2